000
00313nam a22001217a 4500
008
230606b xxu||||| |||| 00| 0 eng d
082
_a
352.4
_b
KEN
110
_b
Ministry of Finance
245
_a
Quarterly Budget review
_b
Third quarter 2005/2006
250
_a
August, 2006 Edition
300
_a
27p
942
_2
ddc
_c
BK
999
_c
609
_d
609